[Event "Campo Grande op 5th"]
[Site "Campo Grande"]
[Date "2019.12.01"]
[Round "5"]
[White "Cunha, Hudson Nogueira"]
[Black "Fedrizzi, Roberto Senatore"]
[Result "0-1"]
[WhiteElo "1793"]
[BlackElo "1972"]
[PlyCount "52"]
[EventDate "2019.11.28"]
[EventType "swiss"]
[EventRounds "6"]
[EventCountry "BRA"]
[SourceTitle "CBM 193 Extra"]
[Source "ChessBase"]
[SourceDate "2020.01.31"]
[SourceVersion "1"]
[SourceVersionDate "2020.01.31"]
[SourceQuality "1"]

1. d4 Nf6 2. Nf3 c5 3. c4 cxd4 4. Nxd4 Nc6 5. Nc3 Nxd4 6. Qxd4 g6 7. Bg5 Bg7 8. Qd2 d6 9. g3 Be6 10. Bg2 Qc8 11. b3 Bh3 12. 0-0 Bxg2 13. Kxg2 Qc6+ 14. Nd5 e6 15. e4 exd5 16. exd5 Qd7 17. Rfe1+ Kf8 18. Qf4 Qd8 19. Re2 h6 20. Bxf6 Bxf6 21. Rae1 Kg7 22. h4 h5 23. g4 hxg4 24. Qxg4 Rxh4 25. Qg3 Qd7 26. f4 Rg4 0-1

[Event "Cuiaba Contaud op"]
[Site "Cuiaba"]
[Date "2017.07.28"]
[Round "2"]
[White "Cunha, Hudson Nogueira"]
[Black "Moyses Sobrinho, Elias"]
[Result "0-1"]
[WhiteElo "1800"]
[BlackElo "1861"]
[PlyCount "110"]
[EventDate "2017.07.28"]
[EventType "swiss"]
[EventRounds "6"]
[EventCountry "BRA"]
[SourceTitle "EXT 2018"]
[Source "ChessBase"]
[SourceDate "2017.10.13"]
[SourceVersion "1"]
[SourceVersionDate "2017.10.13"]
[SourceQuality "1"]

1. e4 d5 2. exd5 Nf6 3. Nf3 Nxd5 4. d4 Bg4 5. Be2 e6 6. 0-0 Be7 7. c3 0-0 8. Ne5 Bxe2 9. Qxe2 Nd7 10. Nd3 c5 11. dxc5 Nxc5 12. Rd1 Nxd3 13. Rxd3 Qc7 14. Be3 Nxe3 15. Qxe3 Rad8 16. Nd2 Bc5 17. Qe2 Rxd3 18. Qxd3 Rd8 19. Qe2 Qb6 20. Ne4 Be7 21. b3 f5 22. Ng3 Bf6 23. Rc1 g6 24. c4 e5 25. Rd1 Rd4 26. Nf1 Qd6 27. Ne3 Rxd1+ 28. Qxd1 Qxd1+ 29. Nxd1 Kf7 30. Nc3 Ke6 31. f3 e4 32. Nb5 Kd7 33. fxe4 a6 34. Na3 fxe4 35. Kf1 Kd6 36. Ke2 Bd4 37. Nc2 Bg1 38. h3 Ke5 39. Ne3 Kd4 40. Nd5 a5 41. g4 b5 42. Nf6 bxc4 43. bxc4 Kxc4 44. Nxe4 Kb4 45. Nd2 Kc3 46. Nb3 a4 47. Nc1 Kb2 48. Kd2 Be3+ 49. Kxe3 Kxc1 50. Kd3 Kb2 51. Kd2 Kxa2 52. Kc2 g5 53. Kc3 a3 54. Kc2 h6 55. Kc3 Kb1 0-1